000 02661nam0a2200397 4500
001 RU\NLR\bibl\814870
005 20260405175438.0
010 _a5-292-03298-0
_bв обл.
021 _aRU
_b2005-10545
_9544
035 _aRSL-KNO-002575680
035 _a(NLR Aleph) 000803903
090 _a1198542
_c1198542
100 _a20050301d2004 |||y0rusy50 ca
101 0 _arus
102 _aRU
105 _aa |||||||||
106 _ar
200 1 _aАнализ термодинамического состояния атмосферы на аэрологической диаграмме
_eучебно-методическое пособие для студентов вузов, обучающихся по направлению "Гидрометеорология" специальности "Метеорология"
_fА. Б. Рыхлов, С. А. Волков, Г. Ф. Иванова
_gСарат. гос. ун-т им. Н. Г. Чернышевского
210 _aСаратов
_cИзд-во Саратовского университета
_d2004
215 _a32, [1] с.
_cил.
_d21
320 _aБиблиогр.: с. 27 (5 назв.)
606 1 _aАтмосфера
_jРуководства, пособия и т.п.
_xТермодинамика
_xАэрологические диаграммы
_92389810
_3RU\NLR\auth\661425270
606 1 _aАтмосфера
_jУчебные издания для высших учебных заведений
_xТермодинамика
_xАэрологические диаграммы
_92389810
_3RU\NLR\auth\661425270
610 0 _aНауки о Земле (геодезические, геофизические, геологические и географические науки) -- Геофизические науки -- Метеорология -- Механика и термодинамика атмосферы -- Термодинамика атмосферы -- Учебник для высшей школы
686 _aД242.2я73-1
_2rubbk
686 _aД242.2я73
700 1 _4070
_8rus
_7ca
_aРыхлов
_bА. Б.
_gАлександр Богданович
_3RU\NLR\auth\7776515
_959443
701 1 _4070
_8rus
_7ca
_aВолков
_bС. А.
_cканд. геогр. наук
_gСтанислав Анатольевич
_3RU\NLR\auth\7744826
_927766
701 1 _4070
_8rus
_7ca
_aИванова
_bГ. Ф.
_cканд. геогр. наук
_gГалина Федоровна
_3RU\NLR\auth\7744827
_927767
801 0 _aRU
_bRuMoRKP
_c20050301
_grcr
801 1 _aRU
_bRuMoRGB
_c20050301
801 2 _aRU
_bNLR
_c20050704
_gPSBO
942 _cBOOK
980 _aNB
980 _aNBR